Państwa w środku innych państw - Statystyki

Ogólne statystyki
  • Ten quiz został rozwiązany 41 razy
    27 od ostatniego zresetowania
  • Średni wynik to 3 z 8
Statystyki odpowiedzi
Odpowiedź % Poprawnych
Watykan
96%
San Marino
92%
Lesotho
85%
Włochy
12%
Włochy
12%
Państwo Bektaszytów (nieoficjalne)
8%
Republika Południowej Afryki
8%
Albania
4%
Nie znaleziono quizów pasujących do podanych kryteriów
Rozkład punktacji
Procent ludzi z każdym wynikiem
Percentyl według liczby udzielonych odpowiedzi
Twoja historia wyników
Nie rozwiązałeś tego quizu od ostatniego zresetowania